MARC details
| 000 -LEADER |
| fixed length control field |
02256cam a2200637 a 4500 |
| 001 - CONTROL NUMBER |
| control field |
22001 |
| 003 - CONTROL NUMBER IDENTIFIER |
| control field |
VRT |
| 005 - DATE AND TIME OF LATEST TRANSACTION |
| control field |
20260317144719.0 |
| 008 - FIXED-LENGTH DATA ELEMENTS--GENERAL INFORMATION |
| fixed length control field |
240313s2011 xo a j 000 j slo |
| 015 ## - NATIONAL BIBLIOGRAPHY NUMBER |
| National bibliography number |
SNBA2011/11-05750 |
| 020 ## - INTERNATIONAL STANDARD BOOK NUMBER |
| International Standard Book Number |
9788080895648 |
| Qualifying information |
(viaz.) |
| 039 #9 - LEVEL OF BIBLIOGRAPHIC CONTROL AND CODING DETAIL [OBSOLETE] |
| Level of rules in bibliographic description |
202403131614 |
| Level of effort used to assign nonsubject heading access points |
VLOAD |
| Level of effort used to assign subject headings |
201206060733 |
| Level of effort used to assign classification |
msnk24 |
| Level of effort used to assign subject headings |
201202081428 |
| Level of effort used to assign classification |
mkpoh04 |
| Level of effort used to assign subject headings |
201201261210 |
| Level of effort used to assign classification |
msnk36 |
| 040 ## - CATALOGING SOURCE |
| Original cataloging agency |
PPPK |
| Language of cataloging |
slo |
| Transcribing agency |
PPPK |
| Modifying agency |
SVKBB |
| -- |
SNK |
| Description conventions |
AACR2 |
| 041 1# - LANGUAGE CODE |
| Language code of text/sound track or separate title |
slo |
| Language code of original |
ger |
| 044 ## - COUNTRY OF PUBLISHING/PRODUCING ENTITY CODE |
| MARC country code |
xo |
| ISO country code |
SK |
| 072 #7 - SUBJECT CATEGORY CODE |
| Subject category code |
821.112.2-3 |
| Subject category code subdivision |
Nemecká próza, nemecky písaná |
| Source |
konspekt |
| 072 #7 - SUBJECT CATEGORY CODE |
| Subject category code |
821-93 |
| Subject category code subdivision |
Literatúra pre deti a mládež (beletria) |
| Source |
konspekt |
| 080 ## - UNIVERSAL DECIMAL CLASSIFICATION NUMBER |
| Universal Decimal Classification number |
821.112.2(436)-32 |
| Edition identifier |
2001 |
| 080 ## - UNIVERSAL DECIMAL CLASSIFICATION NUMBER |
| Universal Decimal Classification number |
821-93 |
| Edition identifier |
2001 |
| 100 1# - MAIN ENTRY--PERSONAL NAME |
| Personal name |
Brezina, Thomas, |
| Dates associated with a name |
1963- |
| Relationship |
aut |
| 240 10 - UNIFORM TITLE |
| Uniform title |
Kicherhexen - Club, volume 1: 1,2,3, es beginnt die Hexerei! |
| Language of a work |
Slovensky |
| 245 10 - TITLE STATEMENT |
| Title |
Klub čarodejníc |
| Number of part/section of a work |
[1] |
| Name of part/section of a work |
Čary sa začínajú! |
| Statement of responsibility, etc. |
Thomas C. Brezina ; ilustrovala Betina Gotzenová-Beeková ; [z nemeckého originálu preložila Agáta Chrenovská] |
| 246 30 - VARYING FORM OF TITLE |
| Title proper/short title |
Čary sa začínajú! |
| 250 ## - EDITION STATEMENT |
| Edition statement |
1. vyd. |
| 260 ## - PUBLICATION, DISTRIBUTION, ETC. |
| Place of publication, distribution, etc. |
Bratislava |
| Name of publisher, distributor, etc. |
Fragment |
| Date of publication, distribution, etc. |
2011 |
| 300 ## - PHYSICAL DESCRIPTION |
| Extent |
119 s. |
| Other physical details |
ilustr. |
| Dimensions |
19 cm |
| 490 1# - SERIES STATEMENT |
| Series statement |
Chalanom stále vstup zakázaný! |
| 521 1# - TARGET AUDIENCE NOTE |
| Target audience note |
Pre čitateľov od 9 rokov |
| 655 #7 - INDEX TERM--GENRE/FORM |
| Genre/form data or focus term |
rakúske príbehy |
| Source of term |
SNKPH |
| 655 #7 - INDEX TERM--GENRE/FORM |
| Genre/form data or focus term |
publikácie pre deti |
| Source of term |
SNKPH |
| 655 #7 - INDEX TERM--GENRE/FORM |
| Genre/form data or focus term |
Austrian stories |
| Source of term |
SNKPHeng |
| 655 #7 - INDEX TERM--GENRE/FORM |
| Genre/form data or focus term |
Children's literature |
| Source of term |
SNKPHeng |
| 700 1# - ADDED ENTRY--PERSONAL NAME |
| Personal name |
Gotzen-Beek, Betina, |
| Dates associated with a name |
1965- |
| Relationship |
ill |
| 700 1# - ADDED ENTRY--PERSONAL NAME |
| Personal name |
Chrenovská, Agáta |
| Relationship |
trl |
| 830 #0 - SERIES ADDED ENTRY--UNIFORM TITLE |
| Uniform title |
Chalanom stále vstup zakázaný! |
| 910 ## - USER-OPTION DATA (OCLC) |
| User-option data |
pppk |
| 910 ## - USER-OPTION DATA (OCLC) |
| User-option data |
pokpoh |
| 910 ## - USER-OPTION DATA (OCLC) |
| User-option data |
svkbb |
| 910 ## - USER-OPTION DATA (OCLC) |
| User-option data |
ttkjf |
| 910 ## - USER-OPTION DATA (OCLC) |
| User-option data |
vthk |
| 910 ## - USER-OPTION DATA (OCLC) |
| User-option data |
bjkdg |
| 910 ## - USER-OPTION DATA (OCLC) |
| User-option data |
snk |
| 910 ## - USER-OPTION DATA (OCLC) |
| User-option data |
totk |
| 910 ## - USER-OPTION DATA (OCLC) |
| User-option data |
sllk |
| 910 ## - USER-OPTION DATA (OCLC) |
| User-option data |
hevk |
| 910 ## - USER-OPTION DATA (OCLC) |
| User-option data |
savuk |
| 942 ## - ADDED ENTRY ELEMENTS (KOHA) |
| Source of classification or shelving scheme |
Dewey Decimal Classification |
| Koha item type |
Krásna literatúra pre deti |
| Suppress in OPAC |
No |
| 949 ## - LOCAL PROCESSING INFORMATION (OCLC) |
| 6 |
4710710719 |
| a |
strmkM |
| b |
strmk2011/10719 |
| 949 ## - LOCAL PROCESSING INFORMATION (OCLC) |
| 6 |
17A0720063 |
| a |
snkSD 80477/1 |
| b |
snk2011/20455 |
| o |
2127/11 |
| 949 ## - LOCAL PROCESSING INFORMATION (OCLC) |
| 6 |
17A0720064 |
| a |
snkSD 80477/1 D1 |
| b |
snk2011/20456 |
| o |
2127/11 |
| 949 ## - LOCAL PROCESSING INFORMATION (OCLC) |
| 6 |
270001000385406 |
| a |
svkbbA 132414 |
| b |
svkbbm 720906 |
| 949 ## - LOCAL PROCESSING INFORMATION (OCLC) |
| 6 |
2889177473 |
| a |
savukPV 15708 |
| b |
savuk2011/5511 |
| 949 ## - LOCAL PROCESSING INFORMATION (OCLC) |
| 6 |
273K0551055 |
| a |
svkpoA 214822 |
| b |
svkpo553438 |
| 980 ## - EQUIVALENCE OR CROSS-REFERENCE-SERIES STATEMENT--PERSONAL NAME/TITLE [LOCAL, CANADA] |
| Personal name |
821.112.2(436)-32 |